TIME 100 Persons Of The Century - Statistics

General Stats
  • This quiz has been taken 125 times
  • The average score is 46 of 100
Answer Stats
Picture Hint Answer % Correct
Father of modern India Mohandas Gandhi
99%
German dictator Adolf Hitler
98%
Civil rights leader Martin Luther King Jr.
97%
South African President Nelson Mandela
96%
Comic genius Charlie Chaplin
95%
British Prime Minister Winston Churchill
95%
Founder of the Soviet Union Vladimir Lenin
94%
Rock musicians The Beatles
93%
U.S. President and New Deal architect Franklin D. Roosevelt
92%
Co-founder of Microsoft Bill Gates
91%
British Prime Minister Margaret Thatcher
91%
U.S. President Ronald Reagan
91%
Diarist and Holocaust victim Anne Frank
90%
Heavyweight boxing champion Muhammad Ali
90%
Physicist Albert Einstein
89%
Leader of communist China Mao Zedong
89%
Dynasty The Kennedys
89%
U.S. President and environmentalist Theodore Roosevelt
88%
Princess of Wales Diana
87%
U.S. First Lady Eleanor Roosevelt
87%
Cartoon character Bart Simpson
85%
Founder of Ford Motor Co. Henry Ford
84%
Actor and martial-arts star Bruce Lee
83%
Guerrilla leader Che Guevara
83%
Actress Marilyn Monroe
83%
Missionary nun Mother Teresa
82%
Soviet reformer Mikhail Gorbachev
80%
Moviemarker Steven Spielberg
79%
First President of North Vietnam Ho Chi Minh
78%
Psychoanalyst Sigmund Freud
78%
Artist Pablo Picasso
77%
Soccer star Pele
77%
Jazz musician Louis Armstrong
76%
Creator of animation and multimedia empire Walt Disney
76%
TV talk-show host Oprah Winfrey
75%
Religious leader Pope John Paul II
74%
Civil rights torchbearer Rosa Parks
74%
Folk musician Bob Dylan
70%
Visionary aviators The Wright Brothers
69%
Soul musician Aretha Franklin
63%
Designer Coco Chanel
61%
Singer Frank Sinatra
60%
Actor Marlon Brando
60%
Computer scientist Alan Turing
46%
Conquerors of Mount Everest Edmund Hillary & Tenzing Norgay
43%
Champion of the disabled Helen Keller
43%
TV star Lucille Ball
41%
Puppeteer and creator of TV's Muppets Jim Henson
40%
Leader of Iran's revolution Ayatullah Khomeini
39%
Transatlantic aviator Charles Lindbergh
39%
Israel's first Prime Minister David Ben-Gurion
39%
Gay-rights leader Harvey Milk
39%
Polish union organizer Lech Walesa
38%
Baseball player Jackie Robinson
33%
A soldier for freedom The American G.I.
32%
Bacteriologist Alexander Fleming
31%
Economist John Maynard Keynes
29%
Evangelist Billy Graham
28%
Novelist James Joyce
28%
Wal-Mart dynamo Sam Walton
28%
Unknown Unknown Tiananmen Square rebel
28%
Dancer and choreographer Martha Graham
27%
Molecular biologists James Watson & Francis Crick
23%
Atomic physicist Enrico Fermi
22%
Hamburger meister Ray Kroc
21%
Broadway showmen Rodgers & Hammerstein
21%
Cosmetics tycoon Estée Lauder
19%
Internet designer Tim Berners-Lee
19%
Suffragist Emmeline Pankhurst
18%
Birth-control crusader Margaret Sanger
18%
IBM president Thomas Watson Jr.
18%
Virologist Jonas Salk
17%
Poet T.S. Eliot
15%
Architect Le Corbusier
14%
Classical musician Igor Stravinsky
13%
Environmentalist Rachel Carson
12%
Hollywood mogul Louis B. Mayer
11%
Astronomer Edwin Hubble
10%
Philisopher Ludwig Wittgenstein
9%
Labor leader Walter Reuther
9%
Creator of suburbia William Levitt
8%
Founder of the Alcoholics Anonymous Bill Wilson
7%
Criminal mastermind Lucky Luciano
7%
Child psychologist Jean Piaget
6%
Mathematician Kurt Gödel
6%
Rocket scientist Robert Goddard
6%
Anthropologists The Leakey Family
6%
Maker of air-conditioning systems Willis Carrier
6%
Co-founder of Sony Akio Morita
5%
Soviet dissident Andrei Sakharov
5%
Football-league commissioner Pete Rozelle
5%
Inventor of electronic television Philo Farnsworth
5%
Plastics pioneer Leo Baekeland
4%
Construction magnate Stephen Bechtel
4%
Architect of nationwide banking A.P. Giannini
3%
Advocate of the small investor Charles Merrill
3%
Father of broadcasting David Sarnoff
3%
Aviation entrepreneur Juan Trippe
3%
Advertising genius Leo Burnett
3%
Solid-state physicist William Shockley
3%
No matching quizzes found
Score Distribution
Percent of People with Each Score
Percentile by Number Answered
Your Score History
You have not taken this quiz